LEADER 05022 am 22008773u 450 001 9910321956403321 005 20230621141113.0 010 $a0-520-29943-4 024 7 $a10.1525/luminos.67 035 $a(CKB)4100000008169005 035 $a(OAPEN)1004946 035 $a(DE-B1597)539941 035 $a(OCoLC)1061868134 035 $a(DE-B1597)9780520971158 035 $a(ScCtBLL)ebce6f6c-ce5d-4c1a-a4ee-3310df04e383 035 $aEBL6983961 035 $a(AU-PeEL)EBL6983961 035 $a(MiAaPQ)EBC6983961 035 $a(oapen)https://directory.doabooks.org/handle/20.500.12854/27413 035 $a(EXLCZ)994100000008169005 100 $a20200406h20192019 fg 101 0 $aeng 135 $aurmu#---auuuu 181 $ctxt$2rdacontent 182 $cc$2rdamedia 183 $acr$2rdacarrier 200 14$aThe Clarion of Syria $eA Patriot's Call against the Civil War of 1860 /$fButrus al-Bustani 210 $aOakland$cUniversity of California Press$d2019 210 1$aBerkeley, CA : $cUniversity of California Press, $d[2019] 210 4$d©2019 215 $a1 online resource (xiv, 175 pages) $cPDF, digital file(s) 300 $aDescription based upon print version of record. 311 08$aPrint version: ?z 9780520299436 320 $aIncludes bibliographical references and index. 327 $tFrontmatter -- $tContents -- $tAcknowledgments -- $tForeword -- $tIntroduction: Translating Civil War -- $tChapter 1: The War of 1860: Roots and Ramifications -- $tChapter 2: Butrus al-Bustani: From Protestant Convert to Ottoman Patriot and Arab Reformer -- $tChapter 3: Nafir Suriyya in Arab Historiography -- $tChapter 4: Toward a Conceptual History of Nafir Suriyya -- $tChapter 5: Wataniyya as Antidote to Sectarianism -- $tChapter 6: Clarion 1 -- $tChapter 7: Clarion 2 -- $tChapter 8: Clarion 3 -- $tChapter 9: Clarion 4 -- $tChapter 10: Clarion 5 -- $tChapter 11: Clarion 6 -- $tChapter 12: Clarion 7 -- $tChapter 13: Clarion 8 -- $tChapter 14: Clarion 9 -- $tChapter 15: Clarion 10 -- $tChapter 16: Clarion 11 -- $tNotes -- $tReferences -- $tIndex 330 $aA free ebook version of this title is available through Luminos, University of California Press's Open Access publishing program. Visit www.luminosoa.org to learn more. When Nafir Suriyya-"The Clarion of Syria"-was penned between September 1860 and April 1861, its author Butrus al-­Bustani, a major figure in the modern Arabic Renaissance, had witnessed his homeland undergo unprecedented violence in what many today consider Lebanon's first civil war. Written during Ottoman and European investigations into the causes and culprits of the atrocities, The Clarion of Syria is both a commentary on the politics of state intervention and social upheaval, and a set of visions for the future of Syrian society in the wake of conflict. This translation makes a key historical document accessible for the first time to an English audience. An introduction by the translators sketches the history that led up to the civil strife in Mt. Lebanon, outlines a brief biography of Butrus al-­Bustani, and provides an authoritative overview of the literary style and historiography of Nafir Suriyya. Rereading these pamphlets in the context of today's political violence, in war-­torn Syria and elsewhere in the Arab world, helps us gain a critical and historical perspective on sectarianism, foreign invasions, conflict resolution, Western interventionism, and nationalist tropes of reconciliation. 606 $aHISTORY / Middle East / General$2bisacsh 607 $aSyria$xHistory$y19th century 610 $aarab world. 610 $aarabic renaissance. 610 $abrief biography. 610 $abutrus al bustani. 610 $acivil strife. 610 $acivil war. 610 $aconflict resolution. 610 $acritical perspective. 610 $aculprits of atrocities. 610 $aenglish audience. 610 $aeuropean investigations. 610 $aforeign invasions. 610 $ahistorical perspective. 610 $ahistoriography. 610 $ahomeland. 610 $akey historical document. 610 $alebanon. 610 $aliterary style. 610 $amt lebanon. 610 $anafir suriyya. 610 $anationalist tropes of reconciliation. 610 $apolitical violence. 610 $asectarianism. 610 $asyria. 610 $aunprecedented violence. 610 $awar. 610 $awestern interventionism. 615 7$aHISTORY / Middle East / General. 676 $a079.5691 700 $aal-Bustani$b Butrus, $4aut$4http://id.loc.gov/vocabulary/relators/aut$0645933 702 $aHanssen$b Jens, $4ctb$4https://id.loc.gov/vocabulary/relators/ctb 702 $aSafieddine$b Hicham, $4ctb$4https://id.loc.gov/vocabulary/relators/ctb 801 0$bDE-B1597 801 1$bDE-B1597 906 $aBOOK 912 $a9910321956403321 996 $aThe Clarion of Syria$92055518 997 $aUNINA LEADER 03610nam 22006255 450 001 9910735781803321 005 20230719192312.0 010 $a9789811999482 010 $a9811999481 024 7 $a10.1007/978-981-19-9948-2 035 $a(MiAaPQ)EBC30657018 035 $a(Au-PeEL)EBL30657018 035 $a(DE-He213)978-981-19-9948-2 035 $a(PPN)272250732 035 $a(CKB)27675024800041 035 $a(OCoLC)1390922281 035 $a(EXLCZ)9927675024800041 100 $a20230719d2023 u| 0 101 0 $aeng 135 $aurcnu|||||||| 181 $ctxt$2rdacontent 182 $cc$2rdamedia 183 $acr$2rdacarrier 200 10$aOptimising the Software Development Process with Artificial Intelligence /$fedited by José Raúl Romero, Inmaculada Medina-Bulo, Francisco Chicano 205 $a1st ed. 2023. 210 1$aSingapore :$cSpringer Nature Singapore :$cImprint: Springer,$d2023. 215 $a1 online resource (349 pages) 225 1 $aNatural Computing Series,$x2627-6461 311 08$aPrint version: Romero, José Raúl Optimising the Software Development Process with Artificial Intelligence Singapore : Springer Singapore Pte. Limited,c2023 9789811999475 327 $aIntroduction -- Artificial Intelligence in Software Project Management -- Requirements Engineering -- Leveraging Artificial Intelligence for Model-based Software Analysis and Design -- Statistical Models and Machine Learning to Advance Code Completion -- Cloud development and deployment -- Automated Support for Unit Text Generation: A Tutorial Book Chapter -- Artificial Intelligence Techniques in System Testing -- Intelligent Software Maintenance -- Metaheuristics in a nutshell -- Foundations of Machine Learning for Software Engineering. 330 $aThis book offers a practical introduction to the use of artificial intelligence (AI) techniques to improve and optimise the various phases of the software development process, from the initial project planning to the latest deployment. All chapters were written by leading experts in the field and include practical and reproducible examples. Following the introductory chapter, Chapters 2-9 respectively apply AI techniques to the classic phases of the software development process: project management, requirement engineering, analysis and design, coding, cloud deployment, unit and system testing, and maintenance. Subsequently, Chapters 10 and 11 provide foundational tutorials on the AI techniques used in the preceding chapters: metaheuristics and machine learning. Given its scope and focus, the book represents a valuable resource for researchers, practitioners and students with a basic grasp of software engineering. 410 0$aNatural Computing Series,$x2627-6461 606 $aArtificial intelligence 606 $aSoftware engineering 606 $aMachine learning 606 $aArtificial Intelligence 606 $aSoftware Engineering 606 $aMachine Learning 615 0$aArtificial intelligence. 615 0$aSoftware engineering. 615 0$aMachine learning. 615 14$aArtificial Intelligence. 615 24$aSoftware Engineering. 615 24$aMachine Learning. 676 $a005.1028563 700 $aRomero$b José Raúl$01379061 701 $aMedina-Bulo$b Inmaculada$01379062 701 $aChicano$b Francisco$01362823 801 0$bMiAaPQ 801 1$bMiAaPQ 801 2$bMiAaPQ 906 $aBOOK 912 $a9910735781803321 996 $aOptimising the Software Development Process with Artificial Intelligence$93418539 997 $aUNINA